Taveninové systémy pre solárne aplikacie diplomová práca

Gespeichert in:
Bibliographische Detailangaben
1. Verfasser: Brezina, Jaroslav
Format: Buch
Sprache:Slowakisch
Veröffentlicht: Bratislava STU FCHPT 2019
Online-Zugang:Im OPAC anzeigen
Tags: Tag hinzufügen
Keine Tags, Fügen Sie das erste Tag hinzu!

MARC

LEADER 00000nam a2200000 a 4500
005 20260127134420.0
008 190613 2019 xo a 001 0 slo d
035 |a vtls011871207 
039 9 |y 201906131243  |z mschk03 
040 |a STUSCHK1  |b slo  |c STUSCHK1  |e AACR2 
100 1 |a Brezina, Jaroslav 
245 1 |a Taveninové systémy pre solárne aplikacie  |b diplomová práca  |c Jaroslav Brezina 
260 |a Bratislava  |b STU FCHPT  |c 2019 
300 |a 76 s.  |b Obr., tab.  |c 25 cm 
500 |a Študijný program: chemické technológie 
500 |a Študijný odbor: chemické technológie 
500 |a Školiace pracovisko: Odd. anorganickej technológie, Ústav anorganickej chémie SAV 
500 |a Evid. číslo: FCHPT-5439-63953 
910 |a SCHK95 
999 |c 12261  |d 12261